[Event "Campionatele Nationale Individ"]
[Site "Voineasa"]
[Date "2008.04.16"]
[Round "7.6"]
[White "Stanciu, Alexandru Ovidiu"]
[Black "Stegariu, Alexandru"]
[Result "1/2-1/2"]
[WhiteElo "956"]
[BlackElo "905"]
[PlyCount "79"]
[EventDate "2008.??.??"]

1. c4 c5 2. g3 Nc6 3. Bg2 g6 4. Nc3 Bg7 5. a3 e6 6. Rb1 Nge7 7. b4 d6 8. Nf3
O-O 9. O-O Rb8 10. bxc5 dxc5 11. Bb2 b6 12. d3 Bb7 13. Ne4 Nf5 14. Bxg7 Kxg7
15. Rb2 Nd6 16. Nxd6 Qxd6 17. Qa1 Kg8 18. Rfb1 e5 19. Ng5 Nd4 20. Bxb7 Rxb7 21.
Ne4 Qe7 22. a4 Nc6 23. a5 f5 24. a6 Rd7 25. Nc3 Nb4 26. Rxb4 cxb4 27. Nd5 Qc5
28. Qxe5 Qd6 29. Qd4 b5 30. Qe3 bxc4 31. dxc4 Qxa6 32. Rxb4 Qd6 33. Ra4 Rff7
34. Qe8+ Kg7 35. Qe3 Qb8 36. Qc3+ Kh6 37. Qc1+ Kg7 38. Qc3+ Kh6 39. Qc1+ Kg7
40. Qc3+ 1/2-1/2

[Event "Campionatele Nationale Individ"]
[Site "Voineasa"]
[Date "2008.04.15"]
[Round "5.7"]
[White "Secheres, Adrian Simion"]
[Black "Stegariu, Alexandru"]
[Result "1/2-1/2"]
[WhiteElo "750"]
[BlackElo "905"]
[PlyCount "54"]
[EventDate "2008.??.??"]

1. d4 Nf6 2. c4 g6 3. Nc3 Bg7 4. e4 d6 5. f3 O-O 6. Be3 Nbd7 7. Qd2 e5 8. d5
Ne8 9. O-O-O f5 10. g3 Nef6 11. Bd3 fxe4 12. Bxe4 b6 13. g4 Nc5 14. h3 Qe7 15.
Rh2 Bd7 16. Kb1 Rf7 17. Rf2 Raf8 18. Rdf1 Bc8 19. b4 Ncxe4 20. Nxe4 Nxe4 21.
fxe4 Rxf2 22. Rxf2 Rf7 23. Kc2 Qf8 24. Rxf7 Qxf7 25. Qf2 Qxf2+ 26. Bxf2 Bh6 27.
Ne2 Kf7 1/2-1/2

[Event "Campionatele Nationale Individ"]
[Site "Voineasa"]
[Date "2008.04.15"]
[Round "6.7"]
[White "Stegariu, Alexandru"]
[Black "Vezeteu, Daniel"]
[Result "1/2-1/2"]
[WhiteElo "905"]
[BlackElo "964"]
[PlyCount "58"]
[EventDate "2008.??.??"]

1. d4 Nf6 2. c4 c5 3. e3 e6 4. Nc3 b6 5. Nf3 Bb7 6. Bd3 Be7 7. O-O O-O 8. Re1
cxd4 9. exd4 Na6 10. a3 Nc7 11. Bg5 d5 12. Ne5 h6 13. Bh4 dxc4 14. Bxc4 Nfd5
15. Bg3 Rc8 16. Qd3 Nxc3 17. bxc3 b5 18. Bb3 Qe8 19. Bc2 g6 20. Ng4 Nd5 21.
Nxh6+ Kg7 22. Ng4 Qc6 23. Qd2 Rh8 24. Be4 Bd6 25. Qg5 Rh5 26. Bxd5 Rxg5 27.
Bxc6 Rxc6 28. Bxd6 Rxg4 29. Be5+ Kf8 1/2-1/2

[Event "Campionatele Nationale Individ"]
[Site "Voineasa"]
[Date "2008.04.14"]
[Round "4.6"]
[White "Stegariu, Alexandru"]
[Black "Pisu, Robert Daniel"]
[Result "0-1"]
[WhiteElo "905"]
[BlackElo "875"]
[PlyCount "129"]
[EventDate "2008.??.??"]

1. d4 d5 2. c4 e6 3. Nc3 c6 4. cxd5 exd5 5. Qc2 Nf6 6. Bg5 Be7 7. Nf3 h6 8. Bh4
Na6 9. e3 O-O 10. a3 Nc7 11. Bd3 Nce8 12. O-O Nd6 13. b4 Nd7 14. Bxe7 Qxe7 15.
b5 Nb6 16. bxc6 bxc6 17. Ne5 Bb7 18. Ne2 Rac8 19. Qc5 Rfe8 20. Qa5 Qc7 21. Rab1
Nd7 22. Qxc7 Rxc7 23. Nxd7 Rxd7 24. Rfc1 Rc7 25. Rc5 Rec8 26. Rbc1 Ba8 27. Nc3
Nb7 28. Ba6 Nxc5 29. Bxc8 Nd3 30. Rd1 Nxf2 31. Kxf2 Rxc8 32. Na4 Rb8 33. Nc5
Rb2+ 34. Kf3 Kf8 35. Kf4 Ke7 36. g4 Bb7 37. Nxb7 Rxb7 38. Rc1 Kd6 39. Rc3 Rb5
40. e4 dxe4 41. Kxe4 h5 42. h3 Rg5 43. Kf4 f6 44. Rc4 Rb5 45. Ke4 Rb3 46. Ra4
Rxh3 47. Rxa7 Rh4 48. a4 Rxg4+ 49. Ke3 h4 50. a5 h3 51. Ra8 h2 52. Rh8 Rg3+ 53.
Ke4 Ra3 54. Rxh2 Rxa5 55. Rh7 Rg5 56. Rh8 Rg4+ 57. Ke3 f5 58. Rd8+ Ke6 59. Rc8
Kd5 60. Rd8+ Kc4 61. Rc8 Re4+ 62. Kf3 Kxd4 63. Rxc6 g5 64. Ra6 Re3+ 65. Kf2 0-1

[Event "Campionatele Nationale Individ"]
[Site "Voineasa"]
[Date "2008.04.13"]
[Round "3.8"]
[White "Istratescu, Cezar"]
[Black "Stegariu, Alexandru"]
[Result "0-1"]
[WhiteElo "524"]
[BlackElo "905"]
[PlyCount "86"]
[EventDate "2008.??.??"]

1. d4 Nf6 2. Nf3 g6 3. g3 Bg7 4. Bg2 O-O 5. O-O d6 6. c3 Nbd7 7. Qc2 c5 8. dxc5
Nxc5 9. b4 Ne6 10. Bb2 Bd7 11. Nbd2 Qb6 12. a3 Rac8 13. Qb3 Rc7 14. c4 Rfc8 15.
e3 a6 16. Rac1 Qa7 17. Nd4 Ng4 18. Nxe6 Bxe6 19. Bxg7 Kxg7 20. Qb2+ Kg8 21. b5
Qb6 22. a4 Ne5 23. Qb1 Nxc4 24. Nxc4 Bxc4 25. Rfe1 axb5 26. Bh3 e6 27. axb5
Qxb5 28. Qa1 Qg5 29. Qb2 Bd5 30. Rxc7 Rxc7 31. Qb6 Qe7 32. Ra1 Rc8 33. Rd1 Rc2
34. Qd4 Qc7 35. e4 Bc6 36. Ra1 e5 37. Qd3 Rb2 38. Qc3 Qb6 39. Qf3 Bxe4 40. Qf6
Rb1+ 41. Rxb1 Qxb1+ 42. Bf1 Bd3 43. Qxd6 Qxf1# 0-1

[Event "Campionatele Nationale Individ"]
[Site "Voineasa"]
[Date "2008.04.13"]
[Round "2.6"]
[White "Stegariu, Alexandru"]
[Black "Atomei, Cristian"]
[Result "1/2-1/2"]
[WhiteElo "905"]
[BlackElo "807"]
[PlyCount "33"]
[EventDate "2008.??.??"]

1. d4 Nf6 2. c4 g6 3. Nc3 Bg7 4. e4 d6 5. Nf3 O-O 6. Bg5 Nbd7 7. Be2 c5 8. d5
b5 9. Nxb5 a6 10. O-O Qb6 11. Qc2 Re8 12. a4 axb5 13. axb5 Bb7 14. Rfd1 h6 15.
Bf4 g5 16. Bg3 Nh5 17. Qd2 1/2-1/2

[Event "Campionatele Nationale Individ"]
[Site "Voineasa"]
[Date "2008.04.12"]
[Round "1.1"]
[White "Dragomirescu, Robin Alexandru"]
[Black "Stegariu, Alexandru"]
[Result "1-0"]
[WhiteElo "2212"]
[BlackElo "1905"]
[PlyCount "81"]
[EventDate "2008.??.??"]

1. e4 c5 2. Nf3 e6 3. d4 cxd4 4. Nxd4 a6 5. Nc3 Nc6 6. Nxc6 bxc6 7. Bd3 Qc7 8.
O-O Nf6 9. Re1 d6 10. f4 e5 11. Qf3 Be7 12. b3 O-O 13. Bb2 Rd8 14. Nd1 Bd7 15.
Ne3 exf4 16. Qxf4 Ne8 17. Nf5 Bf8 18. Re3 Bc8 19. Nh6+ gxh6 20. Rg3+ Bg7 21.
Bxg7 Nxg7 22. Qf6 Kf8 23. Rxg7 Be6 24. Rf1 Qa7+ 25. Kh1 Ke8 26. Rxh7 Qe7 27.
Rxh6 Qxf6 28. Rhxf6 Ke7 29. h3 Rh8 30. Kh2 a5 31. R6f4 a4 32. Re1 axb3 33. axb3
Rh5 34. Rff1 Rah8 35. Ra1 c5 36. Ra7+ Kd8 37. Bc4 Bxh3 38. gxh3 Rxh3+ 39. Kg2
Rh2+ 40. Kg3 R2h3+ 41. Kf4 1-0

[Event "CN Echipe juniori B16"]
[Site "?"]
[Date "2007.08.27"]
[Round "2.1"]
[White "Ursente, Tudor Alexandru"]
[Black "Stegariu, Alexandru"]
[Result "1-0"]
[WhiteElo "1879"]
[BlackElo "1797"]
[PlyCount "38"]
[EventDate "2007.08.27"]

1. d4 Nf6 2. c4 g6 3. Nc3 Bg7 4. g3 O-O 5. Bg2 d6 6. e4 Nbd7 7. Nge2 e5 8. d5
a5 9. Be3 Nh5 10. g4 Nf4 11. Nxf4 exf4 12. Bxf4 Nb6 13. Qe2 Re8 14. O-O Qh4 15.
h3 f5 16. Bg3 Qf6 17. Nb5 Qf7 18. c5 Nxd5 19. Nxd6 c6 1-0

[Event "3rd WORLD SCHOOL CH. U15"]
[Site "Halkidiki, Greece"]
[Date "2007.04.30"]
[Round "3.6"]
[White "Galopoulos, Nikolaos"]
[Black "Stegariu, Alexandru"]
[Result "1-0"]
[WhiteElo "2069"]
[BlackElo "1798"]
[PlyCount "55"]
[EventDate "2007.04.28"]

1. d4 Nf6 2. c4 g6 3. Nc3 Bg7 4. e4 d6 5. Nf3 O-O 6. Be2 e5 7. O-O Nbd7 8. Be3
Ng4 9. Bg5 f6 10. Bc1 Nh6 11. dxe5 Nxe5 12. Nxe5 fxe5 13. Be3 Be6 14. c5 Qe7
15. cxd6 cxd6 16. Qd2 Nf7 17. Rfd1 Rfd8 18. Rac1 Rdc8 19. b3 Bd7 20. Nd5 Qd8
21. Rxc8 Rxc8 22. Bxa7 Bh6 23. Be3 Bxe3 24. Qxe3 Rc2 25. Nb4 Rc8 26. Nd5 Rc2
27. a4 Qa5 28. Nf6+ 1-0

[Event "3rd WORLD SCHOOL CH. U15"]
[Site "Halkidiki, Greece"]
[Date "2007.04.29"]
[Round "2.4"]
[White "Stegariu, Alexandru"]
[Black "Kilpatrick, Callum"]
[Result "1-0"]
[WhiteElo "1798"]
[BlackElo "2136"]
[PlyCount "83"]
[EventDate "2007.04.28"]

1. d4 Nf6 2. c4 g6 3. Nc3 d5 4. Nf3 Bg7 5. Bg5 Ne4 6. Bh4 Nxc3 7. bxc3 c5 8. e3
O-O 9. cxd5 Qxd5 10. Bxe7 Re8 11. Bxc5 b6 12. Ba3 g5 13. Qb3 Qd8 14. Bc4 Be6
15. h3 Nd7 16. O-O h5 17. Bxe6 Rxe6 18. Qd5 Bf6 19. Nd2 Qe8 20. e4 Rd8 21. Qf5
Be7 22. Bxe7 Qxe7 23. Rfe1 Ne5 24. Nf3 Nxf3+ 25. Qxf3 h4 26. Rab1 Qa3 27. Qf5
Rg6 28. e5 Re8 29. Qc2 Rc8 30. Rb3 Qa4 31. Qf5 Re8 32. Rb2 Qc4 33. Re3 Ree6 34.
Qd3 Qc7 35. Rbe2 g4 36. d5 Re8 37. e6 gxh3 38. Rxh3 Qf4 39. exf7+ Kxf7 40. Rf3
Rxg2+ 41. Kxg2 h3+ 42. Kf1 1-0

[Event "CN_2007_B16"]
[Site "Amara"]
[Date "2007.04.18"]
[Round "9.4"]
[White "Petrisor, Adrian-Marian"]
[Black "Stegariu, Alexandru"]
[Result "1-0"]
[WhiteElo "2147"]
[BlackElo "1798"]
[PlyCount "143"]
[EventDate "2007.04.??"]
[EventType "swiss"]
[EventRounds "9"]
[EventCountry "ROM"]

1. e4 c5 2. Nf3 e6 3. d4 cxd4 4. Nxd4 Nc6 5. Nb5 d6 6. c4 a6 7. N5a3 Nf6 8. Nc3
Be7 9. Be3 Qc7 10. Be2 b6 11. O-O Ne5 12. Rc1 Bb7 13. f4 Ned7 14. Bf3 O-O 15.
Qe2 Rac8 16. Rfd1 Rfd8 17. Bf2 Bc6 18. Nc2 Bb7 19. Ne3 Nc5 20. Nf1 Bc6 21. b4
Ncd7 22. a3 Qb8 23. h4 b5 24. cxb5 axb5 25. a4 bxa4 26. b5 Bb7 27. Nxa4 Rxc1
28. Rxc1 Qa8 29. Nb6 Qa5 30. Nxd7 Rxd7 31. Nd2 Qa2 32. Qd3 Qa5 33. Nb3 Qa8 34.
Ra1 Qc8 35. Ra7 Bd8 36. Kh2 h6 37. Be3 Rc7 38. Bd4 Rd7 39. Qe2 Rc7 40. Ra2 Rd7
41. Rd2 Qa8 42. Bxf6 gxf6 43. Nc5 Rc7 44. Nxb7 Qxb7 45. Rxd6 Be7 46. Rd1 Qb8
47. g3 Qb6 48. Kh3 Rc3 49. Rd3 Rc7 50. Rb3 e5 51. f5 Bc5 52. Rc3 Rb7 53. Qc4
Bd4 54. Qc8+ Kg7 55. Rb3 Rb8 56. Qc4 Rb7 57. Qd5 Rc7 58. Bh5 Qb7 59. Qxb7 Rxb7
60. Be2 Kg8 61. Ra3 Kg7 62. Ra8 Kh7 63. Kg2 Kg7 64. Kf3 Rc7 65. Ra3 Kf8 66. Bd3
Kg7 67. Ke2 Kf8 68. Ra4 Kg7 69. Bc4 Kf8 70. Kd3 Kg7 71. Ra6 Rb7 72. Kc2 1-0

[Event "CN_2007_B16"]
[Site "Amara"]
[Date "2007.04.16"]
[Round "7.7"]
[White "Stegariu, Alexandru"]
[Black "Ursente, Tudor Alexandru"]
[Result "1/2-1/2"]
[WhiteElo "1798"]
[BlackElo "1859"]
[PlyCount "146"]
[EventDate "2007.04.??"]
[EventType "swiss"]
[EventRounds "9"]
[EventCountry "ROM"]

1. d4 d5 2. c4 e6 3. Nc3 Nf6 4. Bg5 Nbd7 5. Nf3 c6 6. cxd5 cxd5 7. e3 Qa5 8.
Nd2 Bb4 9. Qc2 Bxc3 10. Qxc3 Qxc3 11. bxc3 O-O 12. Bd3 b6 13. O-O Bb7 14. Rfc1
Rac8 15. c4 h6 16. Bf4 Rfd8 17. Rab1 Ba6 18. Bf1 dxc4 19. Nxc4 Bxc4 20. Bxc4
Nd5 21. Bg3 N7f6 22. Bd3 Nh5 23. Kf1 Nxg3+ 24. hxg3 Kf8 25. a3 Ke7 26. Ke1
Rxc1+ 27. Rxc1 Rd7 28. Kd2 Rc7 29. Rb1 Kd6 30. Rb3 e5 31. dxe5+ Kxe5 32. Rb5
Rc5 33. Rxc5 bxc5 34. Bc4 f6 35. Kd3 Nb6 36. Bb3 a6 37. Kc3 Nc8 38. a4 Nd6 39.
Bc2 Kd5 40. f3 c4 41. Kb4 Kc6 42. g4 Kb6 43. a5+ Kc6 44. Ba4+ Kd5 45. Bc2 Nf7
46. Be4+ Kd6 47. Bb7 Nd8 48. Be4 Ne6 49. Kxc4 Nc5 50. Ba8 Ne6 51. f4 Nc5 52. e4
Ne6 53. g3 g5 54. Bd5 Nc7 55. Bb7 Ne6 56. Bxa6 gxf4 57. gxf4 Nxf4 58. Bc8 Kc7
59. Bf5 h5 60. gxh5 Nxh5 61. Kb5 Kb7 62. a6+ Ka7 63. Bc8 Ng3 64. Bb7 Ne2 65.
Kc5 Ng3 66. Kd4 Kb6 67. Ke3 Nf1+ 68. Kf4 Nd2 69. Kf5 Ka7 70. Kf4 Kb6 71. Ke3
Nf1+ 72. Kf2 Nd2 73. Ke3 Nf1+ 1/2-1/2

[Event "CN_2007_B16"]
[Site "Amara"]
[Date "2007.04.13"]
[Round "3.5"]
[White "Stegariu, Alexandru"]
[Black "Savin, Oliviu Flavian"]
[Result "0-1"]
[WhiteElo "1798"]
[BlackElo "2036"]
[PlyCount "67"]
[EventDate "2007.04.??"]
[EventType "swiss"]
[EventRounds "9"]
[EventCountry "ROM"]

1. d4 d5 2. c4 e6 3. Nc3 Nf6 4. Bg5 Be7 5. Nf3 O-O 6. e3 b6 7. Bd3 Bb7 8. cxd5
exd5 9. O-O c5 10. Rc1 Nbd7 11. Qe2 Re8 12. Rfd1 Nf8 13. Bb5 N6d7 14. Bxe7 Rxe7
15. dxc5 Nxc5 16. Qd2 a6 17. Be2 Ne4 18. Nxe4 Rxe4 19. Nd4 Rc8 20. Bf3 Re5 21.
Rxc8 Qxc8 22. Rc1 Qd7 23. Qb4 b5 24. Qc3 Re8 25. h3 Rc8 26. Qd2 Ne6 27. Rc3 g6
28. b4 Rc4 29. Nxe6 fxe6 30. Rd3 Qc7 31. g3 Rc2 32. Qe1 Qc4 33. Rd4 Qxa2 34.
Bg4 0-1

[Event "CN_2007_B16"]
[Site "Amara"]
[Date "2007.04.12"]
[Round "1.2"]
[White "Stegariu, Alexandru"]
[Black "Chirila, Ioan Cristian"]
[Result "0-1"]
[WhiteElo "1798"]
[BlackElo "2314"]
[PlyCount "96"]
[EventDate "2007.04.??"]
[EventType "swiss"]
[EventRounds "9"]
[EventCountry "ROM"]

1. d4 d5 2. c4 e6 3. Nc3 c6 4. cxd5 exd5 5. Nf3 Bf5 6. Bf4 Bd6 7. Bxd6 Qxd6 8.
e3 Nf6 9. Be2 O-O 10. O-O Nbd7 11. a3 a6 12. b4 b5 13. Rc1 a5 14. Qb3 Nb6 15.
bxa5 Rxa5 16. Qb4 Qxb4 17. axb4 Ra6 18. Ne5 Nc4 19. Bd3 Bxd3 20. Nxd3 Ra3 21.
Nc5 Rd8 22. Nb1 Ra7 23. Rc2 Nd7 24. Nd3 Rda8 25. Rfc1 f6 26. g3 Kf7 27. Kg2 Ra1
28. Nc3 R1a3 29. Rb1 Rc8 30. Kg1 g5 31. g4 Kg6 32. h3 h5 33. Kh2 Rca8 34. Nc1
R3a7 35. Ra2 Rxa2 36. N1xa2 Ra3 37. Rc1 Ndb6 38. Rc2 Rb3 39. Kg3 Nd7 40. Kf3 f5
41. Kg3 Nb8 42. Rc1 Nd7 43. Rb1 Ra3 44. Rc1 Nf6 45. gxh5+ Kxh5 46. Rc2 Rb3 47.
Rc1 Rb2 48. Rb1 Ne4+ 0-1